| 000 | 00480nam a22001457a 4500 | ||
|---|---|---|---|
| 008 | 140212b xxu||||| |||| 00| 0 eng d | ||
| 050 | _aBX3756.B98A3 2005 | ||
| 100 |
_aButterworth, Robert _98608 |
||
| 245 |
_aThe Detour _btowards revising catholicism / _cRobert Butterworth |
||
| 260 |
_aHerefordshire _bGracewing _c2005 |
||
| 300 | _axiv, 255p. ; 25cm. | ||
| 600 |
_aButterworth, Robert _98609 |
||
| 650 |
_a Catholic Church - 20th century _98610 |
||
| 942 |
_2lcc _cMONOGRAPH |
||
| 999 |
_c120038 _d120038 |
||